| 000 | 01265nam a22002777a 4500 | ||
|---|---|---|---|
| 001 | BRCA_9349 | ||
| 003 | FranzMayer | ||
| 005 | 20230913114616.0 | ||
| 008 | 230908b |||||||| |||| 00| 0 eng d | ||
| 020 | _a9788491564218 | ||
| 040 |
_aMFM _bESPAÑOL _cMFM |
||
| 050 | 0 |
_aNK2215 _bM87 2022 |
|
| 110 | 1 |
_4Responsable _aMuseu del Disseny de Barcelona _929743 |
|
| 240 |
_aEl moble, també qüestió de dones. _hEl mueble, también cuestión de mujeres _lCatalán/Español |
||
| 245 | 0 |
_aEl moble, també qüestió de dones. _bEl mueble, también cuestión de mujeres |
|
| 260 |
_aBarcelona, España _bMuseu del Disseny de Barcelona _c2022 |
||
| 300 |
_a204 p _bIlustraciones a color _c30 cm |
||
| 500 | _aContiene una dedicatoria a la biblioteca del Museo Franz Mayer | ||
| 500 | _aL60/N6 | ||
| 505 | _aTexto en: español y catalánIncluye índice temáticoIncluye bibliografíaDirigido a: artistas, diseñadores, historiadores de arte o personas con interés en el papel de la mujer en el arte. | ||
| 650 | 1 |
_2Artes dcorativas _aOrnamentación _vMuebles _929744 |
|
| 651 | 2 |
_2Construcción de muebles _aMujeres _vMujeres en el arte _929745 |
|
| 700 | 1 |
_4Direc _aGil Farré, Núria _929746 |
|
| 700 | 1 |
_4Coord _aOlivera, Silvia Mateos _929747 |
|
| 942 |
_2lcc _cB |
||
| 999 |
_c11061 _d11061 |
||